Los estereotipos del costarricense /
Salvato in:
| Autore principale: | |
|---|---|
| Natura: | Sconosciuto |
| Lingua: | Spanish |
| Pubblicazione: |
San José, Costa Rica :
Editorial de la Universidad de Costa Rica,
1986.
|
| Edizione: | 2. edición |
| Soggetti: | |
| Tags: |
Aggiungi Tag
Nessun Tag, puoi essere il primo ad aggiungerne!!
|
MARC
| LEADER | 000000000a22000000004500 | ||
|---|---|---|---|
| 001 | 003243 | ||
| 020 | |a 997767463 | ||
| 041 | 0 | |a spa | |
| 082 | 0 | 4 | |a 917.286 |b C417e2 |
| 100 | 1 | |a Cercósimo Guzmán, Gaetano | |
| 245 | 1 | 4 | |a Los estereotipos del costarricense / |c Gaetano Cercósimo Guzmán. |
| 250 | |a 2. edición | ||
| 260 | 1 | |a San José, Costa Rica : |b Editorial de la Universidad de Costa Rica, |c 1986. | |
| 300 | |a 122 páginas | ||
| 500 | |a La Biblioteca contiene otro ejemplar, con número de inscripción 13982. -- Reimpresiones: del ejemplar con número de inscripción 13982, reimpresión en 1988 -- El ejemplar con número de inscripción 13981, reimpresión en 1993. | ||
| 650 | 4 | |a CARACTERISTICAS NACIONALES COSTARRICENSES | |
| 650 | 4 | |a ESTEREOTIPOS NACIONALES | |
| 999 | |c 9516 |d 9516 | ||
| 942 | |c BK |h 917.286 C417e2 |2 z | ||
